000 00297nam a2200121Ia 4500
008 240731s9999 xx 000 0 und d
022 _a1752-1742
245 0 _aEditors' Bulletin
260 _bTaylor & Francis
856 _uhttps://www.tandfonline.com/loi/edbl20
942 _2ddc
942 _cTFEJ
999 _c76352
_d76352
945 _a1
_bMadushi Gamage
_c1
_dMadushi Gamage